Clinical Dermatology (Record no. 1716)

MARC details
000 -LEADER
fixed length control field 00730cam a2200253 a 4500
001 - CONTROL NUMBER
control field 652324
003 - CONTROL NUMBER IDENTIFIER
control field OSt
005 - DATE AND TIME OF LATEST TRANSACTION
control field 20161026183632.0
008 - FIXED-LENGTH DATA ELEMENTS--GENERAL INFORMATION
fixed length control field 940421s1995 enka 001 0 eng c
020 ## - INTERNATIONAL STANDARD BOOK NUMBER
International Standard Book Number 0632019557
040 ## - CATALOGING SOURCE
Original cataloging agency DNLM/DLC
Transcribing agency DLC
Modifying agency DLC
050 10 - LIBRARY OF CONGRESS CALL NUMBER
Classification number RL71
Item number .H934 1995
060 10 - NATIONAL LIBRARY OF MEDICINE CALL NUMBER
Classification number WR 220 H945c 1994
082 00 - DEWEY DECIMAL CLASSIFICATION NUMBER
Classification number WR 220 H917c 1995
100 1# - MAIN ENTRY--PERSONAL NAME
Personal name Hunter, J. A. A; Dahl, Mark V; Savin, John
9 (RLIN) 4533
245 10 - TITLE STATEMENT
Title Clinical Dermatology
260 ## - PUBLICATION, DISTRIBUTION, ETC. (IMPRINT)
Place of publication, distribution, etc. Oxford ;
Name of publisher, distributor, etc. Blackwell Science,
Date of publication, distribution, etc. 1995.
300 ## - PHYSICAL DESCRIPTION
Extent vi, 272 p. :
Other physical details ill. (some col.) ;
Dimensions 25 cm.
504 ## - BIBLIOGRAPHY, ETC. NOTE
Bibliography, etc Includes index.
650 #0 - SUBJECT ADDED ENTRY--TOPICAL TERM
Topical term or geographic name as entry element Skin Diseases.
9 (RLIN) 4504
650 #0 - SUBJECT ADDED ENTRY--TOPICAL TERM
Topical term or geographic name as entry element Dermatology.
9 (RLIN) 502
906 ## - LOCAL DATA ELEMENT F, LDF (RLIN)
a 7
b cbc
c orignew
d 1
e ocip
f 19
g y-gencatlg
942 ## - ADDED ENTRY ELEMENTS (KOHA)
Source of classification or shelving scheme Other/Generic Classification Scheme
Koha item type Short Loan
Holdings
Withdrawn status Lost status Source of classification or shelving scheme Damaged status Not for loan Home library Current library Date acquired Source of acquisition Inventory number Total Checkouts Full call number Barcode Date last seen Koha item type
    Other/Generic Classification Scheme     MUST Main Library MUST Main Library 05/05/2015   1995/7693   WR 220 H917c 1995 2015-1348 05/05/2015 Short Loan
    Other/Generic Classification Scheme     MUST Main Library MUST Main Library 05/05/2015   1995/8174   WR 220 H917c 1995 2015-1349 05/05/2015 Short Loan